000 00729cab a2200253 4500
001 ABS59563
008 090401t1998 xxu||||| |||| 00| 0 eng d
035 _a(Sirsi) u89323
041 _aeng
100 _aCrathorne, R.
245 _aRent and rights revival for cottages
260 _c1998
350 _a0
490 _aProperty Week
_v63(25) 16 October 1998, 38(1)
520 _aExplains how the Housing Act 1988 transformed the rental market for houses and cottages on rural estates.
650 _aAGRICULTURAL DWELLINGS
650 _aFAIR RENT
650 _aHOUSING ACT 1988
650 _aRENTAL MARKET
650 _aRURAL ESTATE MANAGEMENT
690 _aRURAL PRACTICE
942 _n0
948 _c28/10/1998
999 _c56501
_d56501